Sumner Olympics -- Medalist in Judo - Statistics

General Stats
  • This quiz has been taken 93 times
    46 since last reset
  • The average score is 25 of 56
Answer Stats
Olympic Teams % Correct
Japan
89%
France
87%
United States
74%
Germany
71%
Russia
71%
Brazil
66%
China
66%
Great Britain
66%
Italy
66%
South Korea
66%
Spain
63%
Belgium
61%
Argentina
55%
Austria
55%
Canada
55%
Netherlands
55%
Poland
55%
Australia
53%
Uzbekistan
53%
Azerbaijan
50%
Georgia
50%
Mongolia
50%
North Korea
50%
Ukraine
50%
Kazakhstan
47%
Portugal
47%
Soviet Union
45%
Turkey
45%
Cuba
42%
Greece
42%
Hungary
42%
Israel
39%
Tajikistan
39%
Bulgaria
37%
Egypt
37%
Slovakia
37%
Switzerland
37%
Algeria
34%
Belarus
34%
Chinese Taipei
34%
Czechia
34%
Romania
32%
East Germany
29%
Estonia
29%
Kosovo
29%
Kyrgyzstan
29%
Colombia
26%
Slovenia
26%
United Arab Emirates
26%
Yugoslavia
26%
Latvia
24%
West Germany
24%
Czechoslovakia
18%
Unified Team
13%
Iceland
11%
Russian Olympic Committee
11%
No matching quizzes found
Score Distribution
Percent of People with Each Score
Percentile by Number Answered
Your Score History
You have not taken this quiz since the last reset